Quan điểm của Hồ Chí Minh về mối quan hệ giữa lý luận với thực tiễn và vận dụng vào sự nghiệp đổi mới giáo dục nước ta hiện nay.

Nguồn gốc hình thành quan điểm của Hồ Chí Minh về mối quan hệ giữa lý luận với thực tiễn. Nội dung cơ bản của quan điểm Hồ Chí Minh về mối quan hệ giữa lý luận và thực tiễn. Vận dụng quan điểm của Hồ Chí Minh về mối quan hệ giữa lý luận với thực tiễn trong sự nghiệp đổi mới giáo dục nuwóc ta hiện na...

Πλήρης περιγραφή

Αποθηκεύτηκε σε:
Λεπτομέρειες βιβλιογραφικής εγγραφής
Κύριος συγγραφέας: Lê, Thị Thu (Tác giả)
Άλλοι συγγραφείς: Trần Hồng Lưu T.S (Hướng dẫn)
Μορφή: Βιβλίο
Γλώσσα:Vietnamese
Έκδοση: Đại học Đà Nẵng Đại học Sư phạm 2009
Θέματα:
Ετικέτες: Προσθήκη ετικέτας
Δεν υπάρχουν, Καταχωρήστε ετικέτα πρώτοι!
Thư viện lưu trữ: Mạng thư viện Đại học Đà Nẵng
LEADER 01816nam a2200373 4500
001 000011702
003 7969
005 20120208130243.0
008 120208s2009 viesd
041 |a vie 
072 |a Khóa luận tốt nghiệp 
082 |a 335.4346071  |b LE-T 
100 |a Lê, Thị Thu  |e Tác giả 
245 |a Quan điểm của Hồ Chí Minh về mối quan hệ giữa lý luận với thực tiễn và vận dụng vào sự nghiệp đổi mới giáo dục nước ta hiện nay.  |c Lê Thị Thu 
260 |a Đại học Đà Nẵng  |b Đại học Sư phạm  |c 2009 
300 |a 73 tr.  |c 29 cm 
500 |a Khóa luận tốt nghiệp khoa Giáo dục chính trị. Lớp 05 GC 
520 |a Nguồn gốc hình thành quan điểm của Hồ Chí Minh về mối quan hệ giữa lý luận với thực tiễn. Nội dung cơ bản của quan điểm Hồ Chí Minh về mối quan hệ giữa lý luận và thực tiễn. Vận dụng quan điểm của Hồ Chí Minh về mối quan hệ giữa lý luận với thực tiễn trong sự nghiệp đổi mới giáo dục nuwóc ta hiện nay. 
653 |a Quan điểm 
653 |a Hồ Chí Minh 
653 |a Đổi mới 
653 |a Giáo dục 
653 |a Việt Nam 
700 |a Trần Hồng Lưu  |c T.S  |e Hướng dẫn 
OWN |a LSP 
AVA |a UDN50  |b LSP  |d 335.4346071 LE-T  |e available  |t Error 5001 Not defined in file expand_doc_bib_avail.  |f 1  |g 0  |h N  |i 0  |k 1 
999 |a From the UDN01 
AVA |a UDN50  |b LSP  |d 335.4346071 LE-T  |e available  |t Error 5001 Not defined in file expand_doc_bib_avail.  |f 1  |g 0  |h N  |i 0  |k 1 
TYP |a Monograph 
TYP |a Printed language 
980 |a Mạng thư viện Đại học Đà Nẵng